Premier League braces 2013-14 Quiz Stats

 Plays Quiz not verified by Sporcle

Score 0/54 Timer 15:00
0 Plays Today
Example Match Player Name % Correct
Liverpool 4-0 EvertonDaniel Sturridge
81.2%
Man City 4-1 Man UnitedSergio Aguero
72.3%
Arsenal 2-0 SouthamptonOlivier Giroud
68.3%
West Ham 1-2 LiverpoolSteven Gerrard
68.3%
Everton 2-3 Man CityEdin Dzeko
68.3%
Liverpool 5-1 ArsenalRaheem Sterling
67.3%
Spurs 0-5 LiverpoolLuis Suarez
67.3%
Hull 2-3 Man UnitedWayne Rooney
67.3%
Chelsea 4-0 SpursDemba Ba
66.3%
Swansea 2-4 Man UnitedRvP
64.4%
West Ham 0-3 ChelseaFrank Lampard
61.4%
Everton 3-2 NewcastleRomelu Lukaku
61.4%
Arsenal 1-3 Aston VillaChristian Benteke
60.4%
Sunderland 2-3 ChelseaEden Hazard
60.4%
Man City 5-0 FulhamYaya Toure
60.4%
Liverpool 4-3 SwanseaWilfried Bony
57.4%
Newcastle 0-4 Man United Juan Mata
56.4%
West Ham 1-3 ArsenalTheo Walcott
55.4%
Chelsea 6-0 ArsenalOscar
54.5%
Liverpool 5-1 ArsenalMartin Skrtel
54.5%
Liverpool 4-3 Swansea Jordan Henderson
54.5%
Arsenal 4-1 NorwichMesut Özil
51.5%
Sunderland 1-3 ArsenalAaron Ramsey
49.5%
Chelsea 3-1 Man UnitedSamuel Eto'o
49.5%
Swansea 2-4 Man UnitedDanny Welbeck
48.5%
Man City 3-0 Swansea CitySamir Nasri
47.5%
Cardiff City 3-2 Man CityFraizer Campbell
46.5%
Example Match Player Name % Correct
Crystal Palace 3-3 LiverpoolDwight Gayle
46.5%
Southampton 4-0 NewcastleJay Rodriguez
46.5%
Fulham 1-4 SunderlandAdam Johnson
46.5%
Arsenal 2-0 FulhamSanti Cazorla
45.5%
Man City 6-3 ArsenalFernandinho
45.5%
Aston Villa 0-2 West HamKevin Nolan
45.5%
Tottenham 3-2 SouthamptonChristian Eriksen
44.6%
Southampton 2-3 Tottenham Emmanuel Adebayor
43.6%
Fulham 1-3 ArsenalLukas Podolski
40.6%
Fulham 1-3 ChelseaAndre Schurrle
40.6%
Man City 2-2 SunderlandConnor Wickham
40.6%
Cardiff 0-4 Hull CityNikica Jelavic
39.6%
West Ham 2-3 EvertonLeighton Baines
37.6%
Newcastle 3-2 HullLoic Remy
37.6%
Hull 1-4 NewcastleMoussa Sissoko
37.6%
Stoke City 2-1 Man UtdCharlie Adam
37.6%
Sunderland 1-2 Man United Adnan Januzaj
36.6%
West Ham 1-3 NewcastleYohan Cabaye
34.7%
Cardiff 3-6 LiverpoolJordan Mutch
33.7%
West Brom 2-3 Aston VillaShane Long
33.7%
Aston Villa 3-1 Hull CityAndi Weimann
32.7%
Man United 3-1 HullJames Wilson
32.7%
Cardiff 0-3 Crystal PalaceJason Puncheon
28.7%
West Ham 3-3 West BromNicolas Anelka
24.8%
Stoke City 3-1 West HamPeter Odemwingie
21.8%
Swansea 3-0 NorwichJonathan De Guzman
17.8%
Cardiff 3-1 FulhamSteven Caulker
15.8%

You're not logged in!

Compare scores with friends on all Sporcle quizzes.
OR
Log In

Sporcle TV

Today on Sporcle TV


Watch our educational content, quiz creation guides, and fun videos on Sporcle TV.

Show Comments

Extras

Created Jan 13, 2015ReportNominate
Tags:Premier League Quiz

Top Quizzes Today


Score Distribution

Your Account Isn't Verified!

In order to create a playlist on Sporcle, you need to verify the email address you used during registration. Go to your Sporcle Settings to finish the process.

Report this User

Report this user for behavior that violates our Community Guidelines.

Details: